Základy právnej úpravy medzinárodného obchodného styku
Na minha lista:
| Autor principal: | |
|---|---|
| Formato: | Livro |
| Idioma: | eslovaco |
| Publicado em: |
Bratislava
Edičné stredisko VŠE
1970
|
| Tags: |
Sem tags, seja o primeiro a adicionar uma tag!
|
MARC
| LEADER | 00000nam a2200000 4500 | ||
|---|---|---|---|
| 001 | c123921 | ||
| 005 | 20250724073058.3 | ||
| 041 | 0 | |a slo | |
| 044 | |a SK | ||
| 245 | 1 | 0 | |a Základy právnej úpravy medzinárodného obchodného styku |c Ľudovít Tóth |
| 264 | 1 | |a Bratislava |b Edičné stredisko VŠE |c 1970 | |
| 300 | |a 192 s. | ||
| 100 | 1 | |a Tóth, Ľudovít | |